[Event "Turnier 40 / 120"]
[Site "Wien"]
[Date "2022.05.14"]
[Round "11"]
[White "Mephisto Magellan SH7034 - 20 MHZ"]
[Black "Mephisto Lyon 68020 - 12 MHZ"]
[Result "1-0"]
[BlackElo "2180"]
[WhiteElo "2231"]

{Analysetool -----> Komodo 12.1.1.} 1. c4 e5 2. g3 {Buchende} Nf6 3. Bg2
{Buchbewertung Mephisto Magellan: 0,0} d5 4. cxd5 Nxd5 {Buchende} 5. Nf3
Nc6 {Buchbewertung Mephisto Lyon 68020: +0,30 / lt. Komodo steht Weiss eine
Nuance besser mit ca. +0,30} 6. O-O Nb6 7. Nc3 Be7 {Buchzug / Buchende} 8.
a3 O-O 9. b4 Bg4 {besser ist Le6, nach dem Textzug ist Weiss leicht im
Vorteil, Komodo +0,60 mit der Fortsetzung b5} 10. b5 Bxf3 11. Bxf3 Na5 12.
d3 Qd7 13. Rb1 a6 14. a4 {der weisse Vorteil ist nach ein paar kleineren
Ungenauigkeiten von Schwarz etwas angewachsen, Komodo +1,00} axb5 15. Rxb5?
{die deutlich schlechtere Schlagoption, damit ist der Vorteil halbiert, das
ermöglicht Schwarz den Rückzug des Springers nach c6 und gleichzeitigem
Angriff auf den dann schwachen A-Bauern von Weiss, deutlich besser ist
natürlich axb5 und der schwarze Springer hat kein Rückzugsfeld (Mephisto
Lyon 68020 hätte ebenfalls Txb5 gezogen)., Komodo +0,50 für Weiss} Nc6 {na
klar} 16. Nd5 Nxd5 17. Rxd5 Bd6 18. Be3 Nb4? {klar schwächer als Se7, nach
dem Textzug ist Weiss wieder etwas im Vorteil, Komodo +0,80 mit der
Fortsetzung Tb5} 19. Rb5 c6 20. Rb6 Nd5 {besser ist De7, nach dem Textzug
ist Weiss schon klar im Vorteil, Komodo +1,20 mit der Fortsetzung Lxd5} 21.
Bxd5 cxd5 22. Qb3 d4 23. Bg5? {ein sinnloser Zug, dort wird der Läufer in
weiterer Folge vertrieben mittels h6 oder f6 und Schwarz schafft
gleichzeitig ein Schluploch für den König, ein reiner Tempoverlust, der den
Vorteil gehörig reduziert, Komodo nur noch +0,50 für Weiss, nötig war
natürlich Ld2} Ra6 24. Rxb7 Qxa4 25. Qxa4 Rxa4 26. f4 {verspielt jeglichen
Vorteil, danach ist die Partie bereits Remis, Komodo 0,00, etwas Vorteil
versprach noch Le7 mit ca. +0,50} f6 27. fxe5 Bxe5 28. Bf4 Bxf4 29. Rxf4
Re8 30. Kf2 Ra2 31. Rxd4 Raxe2+ 32. Kf1 Rxh2 33. Rdd7 g6 34. Rg7+ Kh8 35.
d4 Ra8 36. Kg1 Rh5 37. Rgf7 f5 38. d5 Rd8 39. d6 Kg8? {ein
spielentscheidender Fehler, nach diesem Zug ist die Partie sofort verloren,
Komodo +4,00 mit der Fortsetzung Tg7+, nötig war f4 und die Remischancen
von Schwarz sind noch intakt.} 40. Rg7+ Kh8 {Mephisto Lyon 68020 sieht noch
kein Problem, Bewertung 0,00} 41. Rge7 {Mephisto Magellan: +0,2 erkennt
keinen Gewinn} Kg8 42. Kg2? {verspielt nahezu den gesamten Vorteil, danach
ist Weiss nur noch knapp im Vorteil, hier kann Schwarz mittels f4 seine
Remischancen waren, der weisse Turm gehörte nicht nach e7, sondern nach d7
und Weiss gewinnt, gewonnen hätte Tg7+ (das war aber leider für den
Magellan nicht möglich, da Stellungswiederholung und somit 0,0), gefolgt
von Kh8, Tgd7 und Weiss gewinnt} Kf8? {verliert wieder nach bereits
bekanntem Motiv, Tf7+, Kg8, Tg7+, Kh8, Tgd7 und Schwarz kann aufgeben,
wieder ein Beispiel für die enorme Problematik von Turmendspielen, naja mit
allen 4 Türmen, wer will es unseren Oldies verdenken, hier beende ich
vorläufig die Kommentierung, man muss ja sonst praktisch immer wieden den
gleichen Kommentar reinschreiben: Verliert, Remis, verliert, Remis,...} 43.
Rf7+ Kg8 44. Rg7+ Kh8 45. Rgd7! {diesmal der richtige Zug, ich will aber
noch nicht schreiben, Magellan ergreift die Chance, bestenfalls wittert er
die Chance, denn er bewertet das nur mit +0,3, also von einem Sieg ist er
hier nicht überzeugt, aber immerhin die richtige Spur} Ra8 {Mephisto Lyon
68020: -0,21, bekommt leichte Zweifel am Remis} 46. Rdc7 {Mephisto
Magellan: +0,6, der richtige Zug / Komodo +8,00} Ra2+ {Mephisto Lyon 68020:
-0,30 die Zweifel wurden nicht viel grösser, aber ist verständlich es
stehen ja noch einige Schachgebote zur Verfügung, die nötige Rechentiefe
zum erkennen eines klaren Verlustes ist natürlich unerreichbar.} 47. Kf3
{Mephisto Magellan wird deutlich optimistischer: +1,3} Ra3+ {Mephisto Lyon
68020: -0,84} 48. Kf2 Ra2+ 49. Ke3 f4+ {Mephisto Lyon 68020: -1,18} 50.
Kxf4? {Mephisto Magellan: +1,7 / der mit meilenweitem Abstand schlechteste
Zug, der in dieser Situation möglich ist, sowohl Kd4 als auch gxf4 bewertet
Komodo bereits mit astronomischer Stellungbewertung im 2 stelligen Bereich,
nach dem Textzug ist der Gewinn extrem erschwert, sollten keine weiteren
groben Ungenauigkeiten folgen, sollte es dennoch zum reichen, Komodo +3,20}
Ra8 51. Rd7 {kaum habe ich es ausgesprochen erfolgt bereits die nächste
grobe Ungenauigkeit, was soll das den eigenen Bauern am Vormarsch zu
hindern, warum um Gottes willen nicht d7 ?, Komodo +2,00 für Weiss, immer
noch ist trotzdem ein Gewinn möglich} Ra4+ 52. Ke3 Ra3+ 53. Kd4 Ra4+ 54.
Kc3 Ra3+ 55. Kc4 Ra4+ 56. Kb3 Ra8 57. Kb4 Rh1 58. Kc5 Rc1+ 59. Kd4 Rd1+ 60.
Ke4 Re1+ 61. Kf3 Rh1 62. Re7 Kg8 63. Kg2 Rh5 64. Rg7+ Kh8 65. Rgf7 Kg8 66.
Rfd7 Ra2+ 67. Kg1 Ra1+ 68. Kf2 Ra2+ 69. Ke3 Ra3+ 70. Kd4 Ra4+ 71. Kc3 Ra8
72. Rg7+ Kh8 73. Rge7 Rh3 {das verliert sofort, Komodo Matt in 22 mit der
Fortsetzung d7 (aber gut, sowas kann von keinem Oldie gesehen werden), weit
länger verzögert Kg8 verliert aber auch irgendwann bei richtiger
Fortsetzung.} 74. d7 Rxg3+ 75. Kd4 Rf3 76. Re8+ Rf8 77. Rxa8 Rxa8 78. Rc7
Rg8 79. Rc8 h5 80. Ke5 Kg7 {Mephisto Lyon 68020 erkennt Selbstmatt in 6
--------> Aufgegeben !} 1-0
[/pgn]

[pgn]

[Event "Turnier 40 / 120"]
[Site "Wien"]
[Date "2022.05.15"]
[Round "12"]
[White "Mephisto Lyon 68020 - 12 MHZ"]
[Black "Mephisto Magellan SH7034 - 20 MHZ"]
[Result "1/2-1/2"]
[BlackElo "2231"]
[WhiteElo "2180"]

1. e4 {Analysetool ------> Komodo 12.1.1.} d6 2. d4 Nf6 3. Nc3 g6
{Buchende} 4. f4 Bg7 {Buchbewertung Mephisto Magellan: 0,0} 5. Nf3 O-O 6.
Bd3 {Buchende} c6 7. O-O {Buchbewertung Mephisto Lyon 68020: +0,15 / lt.
Komodo steht Weiss etwas besser mit ca. +0,50} b6 8. e5 Ne8 9. Be3 Na6 10.
a3 Nac7 11. Ng5 h6 12. Nf3 Bg4 {aufgrund mehrerer nicht optimaler Züge
summiert sich hier bereits ein klarer Vorteil für Weiss, Komodo +1,10 mit
der Fortsetzung h3} 13. h3 Bc8 14. Re1 {Mephisto Lyon 68020: +0,30 / Komodo
+1,00} a5 {Mephisto Magellan: +0,1} 15. Qd2 Ba6? {besser ist e6, um den
Vortstoss f5 zu verhindern, nach dem Textzug steht Weiss bereits klar
besser, Komodo +1,40} 16. f5! Bxd3 17. Qxd3 gxf5? {mehr Widerstand leistet
g5, nach dem Textzug summieren sich die zahlreichen Ungenauigkeiten schon
zu einer klaren Gewinnstellung für Weiss, Komodo +2,00} 18. Qxf5 Nd5
{gemeinsam mit Dc8 noch das Beste, rettet aber Schwarz nicht mehr, Komodo
-2,10} 19. Nxd5 {Mephisto Lyon 68020: +0,63 sieht bereits klaren Vorteil}
cxd5 {Mephisto Magellan rechnet sich noch Chancen aus: nur -0,3} 20. e6
{besser ist Dh5, Komodo -1,30 mit der Fortsetzung Dc8} Nf6 {nach diesem Zug
ist bereits alles verloren für Schwarz, Komodo +2,00 mit der Fortsetzung
exf7} 21. exf7+ {Mephisto Lyon 68020 wird langsam optimistischer: +0,81}
Rxf7 {Mephisto Magellan kommen auch langsam Zweifel: -0,6} 22. Qg6
{Mephisto Lyon 68020 macht alles richtig: Bewertung +0,90 / Komodo +2,10}
Ne8 {Mephisto Magellan: -1,0, die Zweifel werden grösser} 23. Bxh6 Rf6 24.
Qg5 Rxh6? {Magellan: -0,7 / rechnet hier wieder mit etwas mehr Chancen, ist
aber völlig daneben, dieser Zug verbietet sich natürlich, danach kann
Schwarz sofort aufgeben, Komodo -4,00, deutlich mehr Widerstand leistet
noch e6 mit ca. -2,20, ist aber klarerweise auch schon verloren (wieder der
Vermerk der Fairness halber: Auch Mephisto Lyon 68020 hätte diesen
spielentscheidenden Fehler gemacht)} 25. Rxe7 {Mephisto Lyon 68020: +1,12}
Rh7? {verliert forciert, Komodo -6,00, mehr Widerstand leistet noch Te6,
das ist aber hier schon egal, auch das sieht Komodo schon -4,50} 26. Qxd5+?
{das ist allerdings ein "gefährlicher" Zug, der den Sieg noch in Frage
stellt, ist nämlich um ganze 5 Bauerneinheiten !!! schlechter als der
direkte Gewinnzug Tae1, Komodo nur noch +1,20 für Weiss} Kh8 27. Rae1 {auch
hier noch der richtige Zug, allerdings bei weitem nicht mehr so
wirkungsvoll wie einen Zug zuvor} Nf6 28. Qe6 {Mephisto Lyon 68020: +0,87 /
spätestens mit dieser weiteren Ungenauigkeit ist Schwarz zurück im Kampf um
diese Partie, Komodo nur noch +0,40 für Weiss, deutlich stärker war Db5 mit
ca. +1,30 für Weiss} Ng8 {Mephisto Magellan: -0,3} 29. Rf7 Rc8? {ein
schwacher Zug, danach ist Weiss wieder ganz klar im Vorteil, Komodo +1,80
mit der Fortsetzung Dd5 (Anmerkung: auch Mephisto Lyon 68020 hätte diesen
Zug gespielt)} 30. c3? {Mephisto Lyon 68020 kann die Chance nicht nützen,
aber zur Verteidigung sei gesagt, es ist noch recht viel auf dem Brett,
eine komplizierte Stellung in der beide Geräte aus verständlichen Gründen
nicht die optimalen Züge finden können (auch Mephisto Magellan hätte c3
gespielt)} Rc7 31. Rxc7 Qxc7 32. Qf5 {etwas besser ist Dd5 / die Stellung
ist im Lot, Komodo 0,00} Ne7 {etwas besser ist Lh6, Komodo +0,60 für Weiss}
33. Qg4 Bf6 34. Re6 Ng8 35. Ng5 Rh6 36. Ne4 Be7 37. Rxh6+ Nxh6 38. Qe6
{besser ist Dg6 / die Stellung ist wieder im Lot} Bf8 39. Nf6 Qe7 40. d5 b5
41. Nd7 Ng8 42. Nxf8 Qxf8 43. Qe2 Qf4! {Mephisto Magellan: 0,0 / erkennt
hier richtigerweise, dass er den Bauern b5 für darauffolgendes Dauerschach
geben kann, bei Damen am Brett und offenen Brett alles andere als
Selbstverständlich, das finde ich stark !} 44. Qxb5 Qe3+ 45. Kf1 Qf4+ 46.
Ke2 Qg3 47. Qxa5 Qxg2+ 48. Kd3 Qxh3+ {besser ist Dxb2, danach hätte Schwarz
das Remis sicher gehabt, nach dem Textzug ist Weiss etwas im Vorteil,
Komodo +0,20} 49. Kc4 Qc8+ 50. Kb4 Nf6 51. c4 Kg8 52. Qb6 Ne4 53. a4 Kf7
54. a5 Qh8 55. Qc7+ Kg6 56. Ka3 Qh1 57. Ka2 Qd1 58. Qc6 Nd2 59. Qxd6+ Kf5
60. Qd7+ Ke4 61. Qb5 Kd4 62. Qb6+ Kxc4 {Magellan sieht sich hier noch mit
+1,0 im Vorteil / Mephisto Lyon: -0,09 / Komodo 0,00, natürlich kann
Schwarz keinesfalls mehr gewinnen, er hat ja keine Bauern mehr und selbst
wenn er alle Bauern des Gegners irgendwie noch einkassieren könnte, gewinnt
er ja auch nicht mit dem Springer mehr.} 63. Qc6+ Kd4 64. Qc3+ Kxd5 65. b3
Qe2 66. Qc2 {Userentscheid: Remis} 1/2-1/2
[/pgn]

[pgn]

[Event "Turnier 40 / 120"]
[Site "Wien"]
[Date "2022.05.16"]
[Round "13"]
[White "Mephisto Magellan SH7034 - 20 MHZ"]
[Black "Mephisto Lyon 68020 - 12 MHZ"]
[Result "1-0"]
[BlackElo "2180"]
[WhiteElo "2231"]

{Analysetool ------> Komodo 12.1.1.} 1. e3 {Buchende nach einem Zug !} d5
2. Nf3 Nf6 3. c4 c6 4. d4 Bf5 5. cxd5 {Mephisto Magellan wieder im Buch}
cxd5 6. Qb3 {Buchende} Qc7 {Buchende} 7. Bb5+ {Buchbewertung Mephisto
Magellan: +0,2} Nbd7 {Buchbewertung Mephisto Lyon 68020: +0,15 / lt. Komodo
ist die Stellung etwa gleich} 8. Bd2 a6 9. Bxd7+ Qxd7? {die schlechteste
Schlagoption, da es den weissen Springer mit Angriff auf die Dame vorwärts
bringt, Komodo +1,00 mit der Fortsetzung Se5, beide anderen Schlagoptionen
sind natürlich klar besser} 10. Ne5 {na klar} Qc7? {gleich nochmals klar
schwächer als Db5, nach dem Textzug ist Weiss bereits sehr klar im Vorteil,
Komodo +1,50 mit der Fortsetzung Sc3} 11. Nc3 e6? {Mephisto Lyon 68020:
+0,06 ?? / hat völlig den Überblick verloren, nach dem Textzug ist die
Partie bereits klar verloren, Komodo +3,80 mit der Fortsetzung Tc1, nötig
war Ld7 oder Lc8} 12. Rc1! {der richtige Zug, Mephisto Magellan: +1,1
(Mephisto Lyon 68020 hatte Da4+ erwartet, das hätte kaum Vorteil für Weiss
gebracht)} Rc8 {Mephisto Lyon 68020: -1,00 erkennt ein Problem / Komodo
-5,00 lt. Komodo war hier sogar schon Lc5 noch etwas besser} 13. O-O
{Mephisto Magellan: +1,9} Qe7? {die Partie ist ohnehin nicht mehr zu
retten, aber was Mephisto Lyon 68020 hier abzieht erinnert stark an die
letzte Runde von Staffel 1, die der Magellan in 16 Zügen verlor, dieser Zug
schmerzt direkt in den Augen, jetzt auch noch den Läufer zu verstellen,
also da kann man nichts sinnvolles mehr kommentieren / Komodo -13,00} 14.
Qa4+ {schneller gewinnt noch Sb5, aber das ist schon egal, Komodo +10,00}
Rc6 15. Nxd5? {das ist etwas übermütig von Mephisto Magellan, um ganze 5
Bauerneinheiten schlechter als Sb5, es wird aber keine Rolle mehr spielen,
Komodo +5,00} exd5 16. Rxc6 bxc6 17. Qxc6+ Nd7? {es ist zwar egal, aber
auch das ist natürlich völlig daneben, es gehört natürlich Ld7 mit Angriff
auf die Dame, das verliert noch bedeutend schneller, Komodo +14,00 mit der
Fortsetzung La5} 18. Ba5 Qd6 19. Qc8+ Ke7 20. Bc7 Qxc7 21. Qxc7
{Userentscheid: 1-0 / eine geradezu absurde Partie des Mephisto Lyon 68020,
nun hat auch er seine Blamage in diesem Wettkampf !!!} 1-0
[/pgn]

[pgn]

[Event "Turnier 40 / 120"]
[Site "Wien"]
[Date "2022.05.16"]
[Round "14"]
[White "Mephisto Lyon 68020 - 12 MHZ"]
[Black "Mephisto Magellan SH7034 - 20 MHZ"]
[Result "0-1"]
[BlackElo "2231"]
[WhiteElo "2180"]

{Analysetool ------> Komodo 12.1.1.} 1. e4 e5 2. f4 exf4 3. Nf3 Nf6 4. e5
Nh5 5. Be2 {Buchende} d6 6. O-O {Buchbewertung Mephisto Lyon 68020: -0,45}
dxe5 7. Nxe5 Bc5+ 8. Kh1 Nf6 {Buchende} 9. c3 Bd6 {Buchbewertung Mephisto
Magellan: -0,2 / lt. Komodo ist die Stellung etwa gleich} 10. d4 Bxe5 11.
dxe5 Qxd1 12. Bxd1 Nd5 13. Bb3 Be6 14. Bxd5 Bxd5 15. Bxf4 Nc6 {an dieser
Stelle lasse ich Komodo 12.1.1. von Stockfish überprüfen, weil mir der
Textzug klar schwächer erscheint als Sa6, da nun Weiss die Möglichkeit hat
den Isolani los zu werden, lt. Komodo ist Sc6 aber selbst nach 6 Minuten im
35. HZ noch der beste Zug, dem Magellan kann man da natürlich keinen
Vorwurf mehr machen, lt. Stockfish 15 ist aber tatsächlich Sa6 klar stärker
/ Komodo +0,50 für Schwarz} 16. e6 {das ist klar} fxe6? {das ist natürlich
weniger gut, da befreit der Magellan seinen Gegner von dem Isolani im
nächsten Schritt macht er sich selbst einen, gut es ist ein entstandener
Freibauer, der sollte aber eher als schwacher Isolani statt als starker
Freibauer bewertet werden, überhaupt bei ungleichen Läufern / die Stellung
ist im Lot , besser ist 0-0-0} 17. Bxc7 Rc8 18. Bg3 h5 19. h3 Rh6 20. Kh2
h4 21. Bf2 Ne5 22. b3 Rf6 23. Na3? {ein ganz schwacher Zug, der die Partie
bereits verliert, Komodo +1,70 mit der Fortsetzung Txc3, deutlich mehr
Widerstand bot c4} Rxc3 24. Rad1? {Mephisto Lyon 68020: -0,27 / hat wieder
völlig den Überblick verloren und rechnet hier mit Sd3, was Schwarz kaum
Vorteil bringt, Komodo -4,00 mit der Fortsetzung Lxg2 !!, Lxh4 hätte den
Schaden noch einigermassen begrenzen können.} Bxg2! {Mephisto Magellan
erkennt den Gewinn, Bewertung +3,3 !!} 25. Kxg2 {Mephisto Lyon 68020: +1,00
??, dafür hat er aber nur ganz kurz überlegt, da es ein Schlagzug ist.}
Rg6+ 26. Kh2 {Mephisto Lyon 68020: -3,36, jetzt erkennt er es.} Nf3+ 27.
Kh1 Ne1 28. Be3 Rxe3 29. Rd2 Rgg3 30. Nc4 Nf3 31. Rd8+ Kxd8 32. Nxe3 b5 33.
Rc1 a5 34. Ng4 Rxh3+ {Userentscheid: 0-1 / ein schwache Leistung des
Mephisto Lyon 68020, der momentan in der Krise steckt, soll aber nicht die
starke Angriffsleistung des Magellan schmälern, die er hier zeigte.} 0-1
[/pgn]

[pgn]

[Event "Turnier 40 / 120"]
[Site "Wien"]
[Date "2022.05.17"]
[Round "15"]
[White "Mephisto Magellan SH7034 - 20 MHZ"]
[Black "Mephisto Lyon 68020 - 12 MHZ"]
[Result "1-0"]
[BlackElo "2180"]
[WhiteElo "2231"]

{Analysetool --------> Komodo 12.1.1.} 1. e4 c6 2. Nc3 d5 3. d4 dxe4 4.
Nxe4 Nd7 5. Bc4 Ngf6 6. Nxf6+ Nxf6 7. c3 {Buchende} e6 {Buchende} 8. Bf4
{Buchbewertung Mephisto Magellan: +0,1} Be7 {Buchbewertung Mephisto Lyon
68020: -0,12 / lt. Komodo steht Weiss etwas besser mit ca. +0,60} 9. Nf3
O-O 10. Qc2 Bd6 11. Be5 Ng4 {besser ist b5, Komodo +0,80 für Weiss} 12. Bd3
g6 13. Bxd6 {deutlich schwächer als h3, Komodo +0,40 für Weiss} Qxd6 14.
O-O c5 15. Rad1 Nf6 16. dxc5 Qxc5 17. b4 Qc7 18. c4 b6 19. Qc3 Qf4 20. Bc2
Bb7 21. Rd4 Qc7 22. Rfd1 a5 23. b5 Rac8 24. R1d2 {die Stellung ist im Lot,
Komodo 0,00} Rfe8 25. Qe3 Qe7? {ein schwacher Zug, danach ist Weiss klar im
Vorteil, Komodo +1,20 mit der Fortsetzung Se5, nötig war Lxf3 mit
Ausgleich} 26. Ne5 Red8 27. Qg5? {das ist nicht die richtige Fortsetzung,
danach ist Weiss nur noch mit ca. +0,60 im Vorteil, der Gewinnzug ist aber
zugegeben alles andere als einfach zu finden wahrscheinlich auch für die
meisten Hobbyspieler: es ist h4 !!} Rxd4 28. Rxd4 Rc7 29. Rd1 {immer noch
war h4 die klar bessere Wahl, Komodo nur noch +0,50 für Weiss} Kg7 30. Qh4
{klar schwächer als Df4, Komodo +0,30 für Weiss mit der Fortsetzung Dc5}
Qc5 31. Qf4 Nd5 32. Qd2 Ne7? {deutlich besser ist Sf6, Komodo +1,10 für
Weiss mit der Fortsetzung Dc3} 33. Ng4? {Magellan verpasst die Chance zum
klaren Vorteil, Komodo +0,20 für Weiss} Ng8 34. Qd4+ {der Damentausch hilft
nur Schwarz, damit ist jeglicher Vorteil dahin / die Stellung ist im Lot}
Qxd4 35. Rxd4 Ne7 36. Kf1 f6 37. Ne3 e5 38. Rd6 Nc8 39. Rd8 Kh6? {ein
Verlustzug, danach ist die Partie bereits verloren, Komodo +2,40 mit der
Fortsetzung c5, nötig war Kf7 und alles ist im Lot} 40. Bb3? {deutlich
schwächer als c5, Weiss steht aber trotzdem noch klar Gewinn, Komodo +1,70}
f5 41. Nd5 Bxd5 42. cxd5 Na7 43. a4 {deutlich stärker ist f4, Komodo +1,30
für Weiss} Rc3? {hier leistet Tc8 noch deutlich mehr Widerstand, Komodo
-2,20} 44. Bd1 Rc1 {ein ganz schwacher Zug, danach ist die Partie klar
verloren, Komodo -4,00, deutlich mehr Widerstand bot noch Td3} 45. Ke2 Rc4
46. f3 {der richtige Zug, Weiss ist auf dem Weg zum Sieg, Komodo +3,50 /
allerdings ist natürlich noch Vorsicht geboten, Magellan sieht noch keinen
klaren Gewinn, aber immerhin etwas Vorteil mit +0,7} e4 {Mephisto Lyon
68020: -0,69 / etwas mehr Widerstand leistet noch Kg5, Komodo -4,70} 47.
fxe4 {Mephisto Magellan: +1,1} Rxe4+ {Mephisto Lyon 68020: -0,87} 48. Kd3
{Mephisto Magellan: +1,7} Rb4 {Mephisto Lyon 68020: -1,48} 49. Ra8 Nxb5
{hier ist sogar schon Txb5 noch etwas stärker / Komodo -11,00} 50. axb5
Rxb5 51. Bf3 Rb3+ 52. Kd4 Rb4+ 53. Kc3 Ra4 54. d6 {Userentscheid: 1-0 / es
kam zu einem an und für sich ausgeglichenen Endspiel in welchem der
Mephisto Magellan den klar besseren Überblick hatte.} 1-0
[/pgn]

[pgn]

[Event "Turnier 40 / 120"]
[Site "Wien"]
[Date "2022.05.18"]
[Round "16"]
[White "Mephisto Lyon 68020 - 12 MHZ"]
[Black "Mephisto Magellan SH7034 - 20 MHZ"]
[Result "1-0"]
[BlackElo "2231"]
[WhiteElo "2180"]

{Analysetool ------> Komodo 12.1.1.} 1. d4 e6 2. e4 d5 3. e5 c5 4. c3
{Buchende} Bd7 {Buchende} 5. Nf3 Qb6 6. Be2 Bb5 7. Bxb5+ Qxb5 8. Na3 Qa6 9.
Nc2 Nd7 10. Bg5 Qb5 11. Rb1 cxd4 12. Ncxd4 Qa6 13. a4 Rc8 14. Nb5 Nc5 15.
O-O Nxa4? {ein spielentscheidender Fehler, danach ist die Partie sofort
verloren, Komodo -4,00, nötig war Dxa4 mit ca. -1,00} 16. Nfd4 Rc5 17. Ra1
Rxb5 18. Nxb5 Qxb5 19. Qxa4 {klar schwächer als Txa4, aber völlig
ausreichend, Komodo +2,00} Qxa4 20. Rxa4 a6 21. Be3 Be7 22. c4 f6 23. cxd5
exd5 24. Rd1 fxe5 25. Rxd5 Nf6 {noch das Beste, Lf6 rettet auch nichts
mehr.} 26. Rxe5 Kf7 27. Bc5 Bxc5 28. Rxc5 Rd8 29. Rc7+ Rd7 30. Rxd7+ Nxd7
31. f4 {diese Stellung ist natürlich schon hoffnungslos für Schwarz, den
Rest könnte man sich hier schon schenken, Komodo -3,20, Stockfish 15
bewertet es bereits mit -7,00} Nc5 32. Rc4 Nd3 33. Rc7+ Kf8 34. Rxb7
{Userentscheid: 1-0} 1-0
[/pgn]

[pgn]